عرض عادي عرض مارك
  • عبد الهادي، محمد فتحي،

مدخل إسم شخص

عدد التسجيلات المستخدمة في: 1

001 - رقم الضبط

  • حقل الضبط: 87426

003 - معرف رقم الضبط

  • حقل الضبط: OSt

005 - تاريخ ووقت أخر عملية

  • حقل الضبط: 20200928103027.0

008 - عناصر بيانات ثابتة الطول

  • حقل تحكم ثابت الطول: 200928|| aca||aabn | a|a d

040 ## - مصدر الفهرسة

  • هيئة الفهرسة الأصلية: OSt
  • وكالة الكتابة: OSt

100 ## - مدخل -- أسم شخص

  • إسم شخص: عبد الهادي، محمد فتحي،
  • تواريخ مرتبطة بالاسم: 1943-

670 ## - بيانات المصدر موجوده

  • الاستشهاد بالمصدر: Work cat.: (OSt)79189: عبد الهادي، محمد فتحي، 1943- مؤلف., علم المعرفة من منظور معلوماتي /